000 00793nam a22002177a 4500
999 _c4202
_d4202
003 AR-CdUCM
008 190308b ||||| |||| 00| 0 spa d
040 _aMUNICIPALIDAD PROVINCIAL DEL CUSCO
_cBIBLIOTECA MUNICIPAL DEL CUSCO
082 _a781.680985 /
_bF7
245 _a7FIMCCL09 :
_bfestival internacional de música clásica de Lima 09 /
260 _a[Lima] :
_bR&F publicaciones y servicios,
_c2009.
300 _a83 páginas ;
_c19.5 cm.
505 _aContenido: Reseñas de músicos iberoamericanos
650 _aMúsica clásica contemporánea
_913312
650 _aFestival de música - Lima
_913313
650 _aMúsica Clásica
_93140
650 _aMúsicos iberoamericanos
_913314
710 _aCentro Cultural de España
_913315
942 _2ddc
_cLIBROS
945 _alccs